|
|
|
|
| LEADER |
01031nam a22002657a 4500 |
| 001 |
33238 |
| 003 |
BD-DhAAL |
| 005 |
20211121100358.0 |
| 008 |
180707t1992 us a|||| b||| 001 0 eng d |
| 999 |
|
|
|c 39550
|d 39550
|
| 020 |
|
|
|a 9780252063992
|
| 040 |
|
|
|a BD-DhAAL
|
| 082 |
|
|
|a 720.82
|2 20
|
| 100 |
|
|
|a Weisman, Leslie
|9 26555
|
| 245 |
|
|
|a Discrimination by design :
|b a feminist critique of the man-made environment /
|c Leslie Weisman
|
| 260 |
|
|
|a Urbana :
|b University of Illinois Press,
|c c1992
|
| 300 |
|
|
|a viii, 190 pages :
|b illustrations ;
|c 23 cm.
|
| 504 |
|
|
|a Includes bibliographical references and index.
|
| 526 |
|
|
|a ARC
|
| 541 |
|
|
|a Trim Education
|e 33238
|
| 650 |
|
|
|a Architecture and women
|z United States
|9 26556
|
| 650 |
|
|
|a Architecture.
|9 42869
|
| 852 |
|
|
|a Ayesha Abed Library
|c General Stacks
|
| 942 |
|
|
|2 ddc
|c BK
|
| 952 |
|
|
|0 0
|1 0
|2 ddc
|4 0
|6 720_820000000000000_WEI
|7 0
|9 63561
|a BRACUL
|b BRACUL
|c GEN
|d 2018-07-03
|e Trim Education
|g 2125.00
|l 3
|m 9
|o 720.82 WEI
|p 3010033238
|r 2026-05-17
|s 2024-09-08
|t 1
|v 2125.00
|w 2018-07-03
|y BK
|